000 00401nam a22001697a 4500
005 20180411124034.0
008 160429b xxu||||| |||| 00| 0 eng d
020 _a817188440-7
041 _aeng
082 _b00928
_a338.954
100 _aKapila Uma
_94258
245 _aIndian Economy
260 _aNew Delhi
_bAcademic Faundation
_c2005
300 _a489
650 _aManagement
_9241
942 _cBK
999 _c306
_d306